| 000 | 00738nam a2200205 a 4500 | ||
|---|---|---|---|
| 003 | 0 | ||
| 005 | 20250618155240.0 | ||
| 008 | 021121s19uu xx 00 eng d | ||
| 050 |
_aPGS LB 1117 _b.C183 2000 |
||
| 100 | _aCamilon, Eliseo V., Jr. | ||
| 245 |
_aThe factors that help grade 6 students adjust in school / _cEliseo V. Camilon Jr. |
||
| 260 |
_aLas PiƱas City, Philippines : _bSouthville International School and Colleges, _c2000. |
||
| 300 |
_aUnpaged : _bcolored illustrations ; _c28 cm. |
||
| 504 | _aIncludes bibliographical references. | ||
| 650 | _aSchool adjustment. | ||
| 650 |
_aElementary school students _vPsychology. |
||
| 650 | _aStudent orientation. | ||
| 650 | _aSixth grade (Education). | ||
| 942 |
_2lcc _cPASS |
||
| 999 |
_c96321 _d96321 |
||